<?xml version="1.0" encoding="UTF-8"?>
<record
    xmlns:xsi="http://www.w3.org/2001/XMLSchema-instance"
    xsi:schemaLocation="http://www.loc.gov/MARC21/slim http://www.loc.gov/standards/marcxml/schema/MARC21slim.xsd"
    xmlns="http://www.loc.gov/MARC21/slim">

  <leader>02314nam a2200289uu 4500</leader>
  <controlfield tag="001">1439180</controlfield>
  <controlfield tag="005">20240410090616.0</controlfield>
  <controlfield tag="007">cr|||||||</controlfield>
  <controlfield tag="008">160422s2016                        spa  </controlfield>
  <datafield tag="035" ind1=" " ind2=" ">
    <subfield code="a">1439180</subfield>
  </datafield>
  <datafield tag="040" ind1=" " ind2=" ">
    <subfield code="c">comduadb</subfield>
  </datafield>
  <datafield tag="041" ind1=" " ind2=" ">
    <subfield code="a">spa</subfield>
  </datafield>
  <datafield tag="080" ind1=" " ind2=" ">
    <subfield code="a">EMA</subfield>
  </datafield>
  <datafield tag="100" ind1="1" ind2="0">
    <subfield code="a">Rodriguez Benitez, Carlos David</subfield>
    <subfield code="4">aut</subfield>
    <subfield code="e">aut</subfield>
    <subfield code="9">736833</subfield>
  </datafield>
  <datafield tag="245" ind1="1" ind2="0">
    <subfield code="a">Implementaci&#xF3;n de &#xED;ndices de calidad de agua superficial y su influencia en la toma de decisiones en el marco del ordenamiento del recurso h&#xED;drico de algunas autoridades ambientales de Colombia.</subfield>
  </datafield>
  <datafield tag="260" ind1=" " ind2=" ">
    <subfield code="a">Medell&#xED;n :</subfield>
    <subfield code="b">[sin publicador],</subfield>
    <subfield code="c">2016.</subfield>
  </datafield>
  <datafield tag="300" ind1=" " ind2=" ">
    <subfield code="a">73 p&#xE1;ginas</subfield>
  </datafield>
  <datafield tag="520" ind1="3" ind2=" ">
    <subfield code="a">Los &#xED;ndices de calidad del agua juegan un papel importante en el ordenamiento del recurso h&#xED;drico, ya que su debida implementaci&#xF3;n permite conocer el estado de una fuente h&#xED;drica, proporcionando a las autoridades ambientales informaci&#xF3;n valiosa para la toma de decisiones. En el desarrollo de la presente investigaci&#xF3;n, se realiz&#xF3; una revisi&#xF3;n de los &#xED;ndices de calidad del agua a nivel mundial, nacional y regional y su grado de implementaci&#xF3;n por parte de las autoridades ambientales en Colombia. En cuanto a la aplicaci&#xF3;n de los &#xED;ndices de calidad del agua en el pa&#xED;s, se han realizado avances significativos, sin embargo a pesar de la valiosa informaci&#xF3;n ofrecida por los &#xED;ndices a&#xFA;n hay mucho por hacer, es por esto que se propone la conformaci&#xF3;n de grupos especializados desde las Autoridades Ambientales, con el apoyo de Universidades y del sector privado, con el fin de formular &#xCD;ndices de Calidad del Agua espec&#xED;ficos por cada cuerpo de agua, que muestren realmente los impactos ambientales sobre el recurso h&#xED;drico en cada jurisdicci&#xF3;n, contribuyendo a la conformaci&#xF3;n de redes de monitoreo, cuyos resultados constituyan informaci&#xF3;n veraz y art&#xED;culable a la modelaci&#xF3;n de las fuentes h&#xED;dricas y a la priorizaci&#xF3;n de inversiones a nivel regional y local.</subfield>
  </datafield>
  <datafield tag="650" ind1=" " ind2=" ">
    <subfield code="a">&#xCD;ndices de calidad del agua</subfield>
    <subfield code="9">204097</subfield>
  </datafield>
  <datafield tag="650" ind1=" " ind2=" ">
    <subfield code="a">Autoridades ambientales</subfield>
    <subfield code="9">69175</subfield>
  </datafield>
  <datafield tag="650" ind1=" " ind2="7">
    <subfield code="a">Recursos h&#xED;dricos</subfield>
    <subfield code="2">lemb</subfield>
    <subfield code="9">34481</subfield>
  </datafield>
  <datafield tag="700" ind1="1" ind2="0">
    <subfield code="a">Villegas Jim&#xE9;nez, Nora Elena</subfield>
    <subfield code="4">ths</subfield>
    <subfield code="e">ths</subfield>
    <subfield code="9">485667</subfield>
  </datafield>
  <datafield tag="856" ind1="4" ind2=" ">
    <subfield code="u">https://drive.google.com/file/d/0BwecnWVz7HZoeUJKNmk2R2lqSFU/view?usp=sharing</subfield>
  </datafield>
  <datafield tag="942" ind1=" " ind2=" ">
    <subfield code="c">TESIS</subfield>
    <subfield code="n">0</subfield>
  </datafield>
  <datafield tag="999" ind1=" " ind2=" ">
    <subfield code="c">733818</subfield>
    <subfield code="d">733818</subfield>
  </datafield>
  <datafield tag="502" ind1=" " ind2=" ">
    <subfield code="b">194</subfield>
    <subfield code="c">17</subfield>
  </datafield>
  <datafield tag="526" ind1=" " ind2=" ">
    <subfield code="a">196</subfield>
  </datafield>
</record>
